|
|
|
|
| LEADER |
00000cam a2200000 7i4500 |
| 001 |
0000038204 |
| 005 |
20000608.0 |
| 020 |
|
|
|a 9676543551
|
| 090 |
0 |
0 |
|a 421
|b YON
|
| 100 |
0 |
|
|a Yong P.W.
|
| 245 |
1 |
0 |
|a Rujukan lengkap era 2000 PMR :
|b Bahasa Inggeris
|c Yong P.W.,Howard Lee dan Helen Chia
|
| 260 |
|
|
|a Shah Alam :
|b Penerbit Fajar Bakti Sdn. Bhd ,
|c 2000
|
| 300 |
|
|
|a 318p. ;
|c 26cm.
|
| 650 |
0 |
0 |
|a English language
|x PMR
|
| 700 |
1 |
|
|a Chia, Helen
|
| 700 |
1 |
|
|a Lee, Howard
|
| 999 |
|
|
|a 087403
|b BUKU
|c PINJAMAN
|e PERPUSTAKAAN KOMUNITI PETALING JAYA
|
| 999 |
|
|
|a 087405
|b BUKU
|c PINJAMAN
|e PERPUSTAKAAN KOMUNITI PETALING JAYA
|
| 999 |
|
|
|a 087406
|b BUKU
|c PINJAMAN
|e PERPUSTAKAAN KOMUNITI PETALING JAYA
|
| 999 |
|
|
|a 090714
|b BUKU
|c PINJAMAN
|e PERPUSTAKAAN KOMUNITI PETALING JAYA
|
| 999 |
|
|
|a 090715
|b BUKU
|c PINJAMAN
|e PERPUSTAKAAN KOMUNITI PETALING JAYA
|
| 999 |
|
|
|a 090716
|b BUKU
|c PINJAMAN
|e PERPUSTAKAAN KOMUNITI PETALING JAYA
|
| 999 |
|
|
|a 090718
|b BUKU
|c PINJAMAN
|e PERPUSTAKAAN KOMUNITI PETALING JAYA
|